LIBRARY & INFORMATION CENTRE, KCAET, TAVANUR

ONLINE PUBLIC ACCESS CATALOGUE (OPAC)

Sravukalkkoppam Neenthumbol (Record no. 15377)

MARC details
000 -LEADER
fixed length control field 00348nam a22001457a 4500
020 ## - INTERNATIONAL STANDARD BOOK NUMBER
ISBN 9788122613957
082 ## - DEWEY DECIMAL CLASSIFICATION NUMBER
Classification number 920.894 812 JAC/SR
100 ## - MAIN ENTRY--AUTHOR NAME
Personal name Jacob Thomas
245 ## - TITLE STATEMENT
Title Sravukalkkoppam Neenthumbol
250 ## - EDITION STATEMENT
Edition statement 4
260 ## - PUBLICATION, DISTRIBUTION, ETC. (IMPRINT)
Place of publication Thrissur
Name of publisher Current Books
Year of publication 2017
300 ## - PHYSICAL DESCRIPTION
Number of Pages 240
650 ## - SUBJECT ADDED ENTRY--TOPICAL TERM
Topical Term Malayalam Autobiography
942 ## - ADDED ENTRY ELEMENTS (KOHA)
Koha item type Books
Holdings
Withdrawn status Lost status Damaged status Home library Current library Date acquired Cost, normal purchase price Full call number Accession Number Koha item type
      KAUAET KAUAET 13/04/2018 250.00 920.894 812 JAC/SR 25644 Books
free website counter